| 000 | 00369 a2200109 4500 | ||
|---|---|---|---|
| 001 | ART_12562 | ||
| 005 | 20260410161907.0 | ||
| 008 | 260409a | ||
| 245 | 1 | 0 | _aInternational Trade in the Presence of Pure Monopoly in the Non-Traded Goods Sector |
| 100 | 1 | _aCassing, James | |
| 773 | 0 |
_tThe Economic Journal _g- Vol. 97, NÂș 347 (set. 1977) _wREV12512 |
|
| 999 |
_c26457 _d26457 |
||